La libertad sindical en el mundo del trabajo en Colombia

Bibliographic Details
Main Author: Ostau de Lafont de Len̤, Francisco Rafael
Format: eBook
Language:Spanish
Published: Bogot:̀ Universidad Catl̤ica de Colombia, 2017
Subjects:
Online Access:Acceso restringido

MARC

LEADER 00000nam a22000007a 4500
005 20181028213946.0
007 cr|||| ||||
008 181028s2017 co |||||s|||| 00||0 spa d
020 |a 978-958-8934-80-8 
035 |a 22080 
040 |a vLex 
090 |c 8189  |d 8189 
100 1 |a Ostau de Lafont de Len̤, Francisco Rafael 
245 1 2 |a La libertad sindical en el mundo del trabajo en Colombia  |h [Recurso electrn̤ico] /  |c Francisco Rafael Ostau de Lafont de Len̤ 
256 |a Servicio en ln̕ea 
260 |a Bogot:̀  |b Universidad Catl̤ica de Colombia,  |c 2017 
300 |a 1 recurso electrn̤ico 
506 1 |a Disponible solo en los productos indicados  |d vLex Global  |d vLex Global (Academic Edition, excluding Law Schools)  |d vLex Global (U.S. Academic Edition, Law Schools)  |d vLex Global (U.S. Academic Edition, excluding Law Schools)  |d vLex Global (Academic Edition, Law Schools) 
650 0 4 |a Derecho Laboral y Seguridad Social  |z Colombia 
740 0 |a vLex Libros (Servicio en ln̕ea) 
856 4 0 |u http://vlex.com/source/libertad-sindical-mundo-trabajo-colombia-22080  |z Acceso restringido 
942 |c BOOK 
999 0 |a Labor law and social security